WCC College Basketball Teams - Statistics

General Stats
  • This quiz has been taken 48 times
  • The average score is 7 of 9
Answer Stats
School Team Name/Colors % Correct
Gonzaga Bulldogs
90%
Portland Pilots
85%
Saint Mary's Gaels
85%
San Francisco Dons
85%
Pepperdine Waves
77%
Loyola Marymount Lions
72%
San Diego Toreros
72%
Pacific Tigers
67%
Santa Clara Broncos
67%
No matching quizzes found
Score Distribution
Percent of People with Each Score
Percentile by Number Answered
Your Score History
You have not taken this quiz